| 000 -LEADER |
| fixed length control field |
00587nam a2200193Ia 4500 |
| 001 - CONTROL NUMBER |
| control field |
10910 |
| 003 - CONTROL NUMBER IDENTIFIER |
| control field |
GE_BSU |
| 008 - FIXED-LENGTH DATA ELEMENTS--GENERAL INFORMATION |
| fixed length control field |
181216s||||||||xx |||||||||||||| ||und|| |
| 040 ## - CATALOGING SOURCE |
| Transcribing agency |
GE_BSU |
| 245 ## - TITLE STATEMENT |
| Title |
Энциклопедический словарь |
| 245 ## - TITLE STATEMENT |
| Remainder of title |
Т.3-:Банки-Бергерь. |
| 260 ## - PUBLICATION, DISTRIBUTION, ETC. |
| Place of publication, distribution, etc. |
С.-Петербургь |
| 260 ## - PUBLICATION, DISTRIBUTION, ETC. |
| Name of publisher, distributor, etc. |
Тиро-Литография |
| 260 ## - PUBLICATION, DISTRIBUTION, ETC. |
| Date of publication, distribution, etc. |
1892. |
| 300 ## - PHYSICAL DESCRIPTION |
| Extent |
480стр,илл,24см. |
| 520 ## - SUMMARY, ETC. |
| Summary, etc. |
Изд: Ф.А.Брокгаузь,И.А.Ефронь. |
| 653 ## - INDEX TERM--UNCONTROLLED |
| Uncontrolled term |
Энциклопедический словарь |
| 942 ## - ADDED ENTRY ELEMENTS (KOHA) |
| Koha item type |
წიგნი |